Top 3 NBA 2K21 Current Players by College: Big Ten - Statistics

General Stats
  • This quiz has been taken 22 times
  • The average score is 7 of 25
Answer Stats
College Player Rating % Correct
Ohio State D'Angelo Russell 83
60%
Wisconsin Frank Kaminsky 79
60%
Indiana Victor Oladipo 81
60%
Michigan State Draymond Green 80
55%
Ohio State Mike Conley 85
50%
Michigan Moe Wagner 77
45%
Purdue Carsen Edwards 70
40%
Michigan Caris LeVert 83
35%
Michigan State Jaren Jackson Jr. 83
35%
Michigan Tim Hardaway Jr. 79
35%
Michigan Trey Burke 77
35%
Minnesota Amir Coffey 69
25%
Minnesota Daniel Oturu 71
20%
Indiana Eric Gordon 80
20%
Purdue E'Twaun Moore 73
20%
Maryland Kevin Huerter 76
20%
Nebraska Isaiah Roby 76
15%
Illinois Meyers Leonard 75
15%
Maryland Alex Len 75
10%
Penn State Lamar Stevens 69
10%
Indiana Thomas Bryant 80
10%
Michigan State Xavier Tillman 77
10%
Ohio State Jae'Sean Tate 77
5%
Maryland Jake Layman 75
5%
Illinois Kendrick Nunn 77
0%
No matching quizzes found
Score Distribution
Percent of People with Each Score
Percentile by Number Answered
Your Score History
You have not taken this quiz